[Event "DVM U20w 2022"]
[Site "Münster GER"]
[Date "2022.12.29"]
[Round "5"]
[White "Grining, Maria"]
[Black "Evering, Enna"]
[Result "1-0"]
[Termination "normal"]
[Board "4.2"]
[WhiteElo "1758"]
[BlackElo "1511"]
[WhiteClock "00:33:03"]
[BlackClock "00:10:29"]
[WhiteTeam "Karlsruher SF 1853 1"]
[BlackTeam "Elmshorner SC von 1896"]
[PlyCount "57"]
[WhiteFideId "16235037"]
[BlackFideId "16218213"]
[EventCountry "GER"]
[EventRounds "7"]
[EventType "team-swiss"]
[EventDate "2022.12.26"]

1. d4 {[%clk 01:30:57]} {[%emt 00:00:03]} Nf6 {[%clk 01:30:44]} {[%emt
00:00:16]} 2. Nf3 {[%clk 01:31:22]} {[%emt 00:00:06]} g6 {[%clk 01:31:08]}
{[%emt 00:00:06]} 3. c4 {[%clk 01:31:40]} {[%emt 00:00:11]} Bg7 {[%clk
01:31:32]} {[%emt 00:00:06]} 4. Nc3 {[%clk 01:32:04]} {[%emt 00:00:06]} d5
{[%clk 01:31:38]} {[%emt 00:00:24]} 5. e3 {[%clk 01:31:31]} {[%emt 00:01:03]}
O-O {[%clk 01:31:24]} {[%emt 00:00:44]} 6. Qb3 {[%clk 01:30:08]} {[%emt
00:01:53]} c6 {[%clk 01:28:26]} {[%emt 00:03:27]} 7. Bd3 {[%clk 01:27:09]}
{[%emt 00:03:30]} e6 {[%clk 01:22:53]} {[%emt 00:06:03]} 8. O-O {[%clk
01:26:07]} {[%emt 00:01:33]} Nbd7 {[%clk 01:21:52]} {[%emt 00:01:31]} 9. Re1
{[%clk 01:23:45]} {[%emt 00:02:53]} b6 {[%clk 01:17:32]} {[%emt 00:04:50]} 10.
e4 {[%clk 01:19:52]} {[%emt 00:04:23]} dxc4 {[%clk 01:05:26]} {[%emt 00:12:35]}
11. Bxc4 {[%clk 01:19:01]} {[%emt 00:01:21]} Bb7 {[%clk 01:03:47]} {[%emt
00:02:09]} 12. Bf4 {[%clk 01:09:22]} {[%emt 00:10:08]} c5 {[%clk 00:57:29]}
{[%emt 00:06:48]} 13. d5 {[%clk 01:06:52]} {[%emt 00:03:00]} exd5 {[%clk
00:57:00]} {[%emt 00:01:00]} 14. exd5 {[%clk 01:06:37]} {[%emt 00:00:45]} a6
{[%clk 00:54:40]} {[%emt 00:02:49]} 15. a4 {[%clk 01:05:54]} {[%emt 00:01:13]}
Rc8 {[%clk 00:40:20]} {[%emt 00:14:50]} 16. Bd6 {[%clk 01:05:08]} {[%emt
00:01:16]} Re8 {[%clk 00:40:13]} {[%emt 00:00:38]} 17. Rxe8 {[%clk 01:04:17]}
{[%emt 00:01:21]} Nxe8 {[%clk 00:38:46]} {[%emt 00:01:57]} 18. Bf4 {[%clk
01:03:46]} {[%emt 00:00:56]} Ndf6 {[%clk 00:36:41]} {[%emt 00:02:39]} 19. Ng5
{[%clk 00:48:59]} {[%emt 00:15:17]} Nd6 {[%clk 00:30:38]} {[%emt 00:06:33]} 20.
Bxd6 {[%clk 00:49:01]} {[%emt 00:00:29]} Qxd6 {[%clk 00:31:02]} {[%emt
00:00:05]} 21. Nge4 {[%clk 00:49:15]} {[%emt 00:00:15]} Nxe4 {[%clk 00:28:04]}
{[%emt 00:03:28]} 22. Nxe4 {[%clk 00:49:41]} {[%emt 00:00:04]} Qd8 {[%clk
00:18:46]} {[%emt 00:09:48]} 23. Re1 {[%clk 00:44:56]} {[%emt 00:05:16]} Be5
{[%clk 00:16:02]} {[%emt 00:03:13]} 24. h3 {[%clk 00:40:12]} {[%emt 00:05:15]}
Kf8 {[%clk 00:13:24]} {[%emt 00:03:08]} 25. Nxc5 {[%clk 00:37:37]} {[%emt
00:03:05]} Rxc5 {[%clk 00:10:35]} {[%emt 00:03:18]} 26. Rxe5 {[%clk 00:37:42]}
{[%emt 00:00:26]} Qc7 {[%clk 00:10:45]} {[%emt 00:00:20]} 27. Qe3 {[%clk
00:32:22]} {[%emt 00:05:50]} Rxc4 {[%clk 00:10:09]} {[%emt 00:01:06]} 28. Qh6
{[%clk 00:32:36]} {[%emt 00:00:15]} Kg8 {[%clk 00:10:29]} {[%emt 00:00:11]} 29.
Re8# {[%clk 00:33:03]} {[%emt 00:00:03]} 1-0

[Event "DVM U20w 2022"]
[Site "Münster GER"]
[Date "2022.12.29"]
[Round "5"]
[White "Margaryan, Susanna"]
[Black "Bykov, Ilona"]
[Result "1/2-1/2"]
[Termination "normal"]
[Board "4.3"]
[WhiteElo "1415"]
[BlackElo "1452"]
[WhiteClock "00:29:26"]
[BlackClock "00:27:15"]
[WhiteTeam "Elmshorner SC von 1896"]
[BlackTeam "Karlsruher SF 1853 1"]
[PlyCount "86"]
[WhiteFideId "16268210"]
[BlackFideId "12964433"]
[EventCountry "GER"]
[EventRounds "7"]
[EventType "team-swiss"]
[EventDate "2022.12.26"]

1. d4 {[%clk 01:30:39]} {[%emt 00:00:20]} Nf6 {[%clk 01:30:58]} {[%emt
00:00:03]} 2. c4 {[%clk 01:31:03]} {[%emt 00:00:06]} e6 {[%clk 01:31:23]}
{[%emt 00:00:05]} 3. Nc3 {[%clk 01:31:15]} {[%emt 00:00:18]} Bb4 {[%clk
01:31:40]} {[%emt 00:00:13]} 4. Bg5 {[%clk 01:28:42]} {[%emt 00:03:03]} d5
{[%clk 01:30:12]} {[%emt 00:01:58]} 5. e3 {[%clk 01:27:23]} {[%emt 00:01:48]}
O-O {[%clk 01:26:52]} {[%emt 00:03:50]} 6. Nf3 {[%clk 01:23:46]} {[%emt
00:04:07]} Nbd7 {[%clk 01:23:36]} {[%emt 00:03:47]} 7. c5 {[%clk 01:15:54]}
{[%emt 00:08:22]} c6 {[%clk 01:20:08]} {[%emt 00:03:58]} 8. Bd3 {[%clk
01:09:48]} {[%emt 00:06:36]} h6 {[%clk 01:14:22]} {[%emt 00:06:16]} 9. Bh4
{[%clk 01:07:54]} {[%emt 00:02:23]} b6 {[%clk 01:13:56]} {[%emt 00:00:56]} 10.
cxb6 {[%clk 01:07:33]} {[%emt 00:00:50]} axb6 {[%clk 01:12:10]} {[%emt
00:02:17]} 11. O-O {[%clk 01:07:13]} {[%emt 00:00:49]} Bd6 {[%clk 01:06:50]}
{[%emt 00:05:50]} 12. Qc2 {[%clk 00:57:28]} {[%emt 00:10:16]} Qc7 {[%clk
00:57:05]} {[%emt 00:10:15]} 13. Bg3 {[%clk 00:56:52]} {[%emt 00:01:05]} Ba6
{[%emt 00:15:35]} 14. Bxa6 {[%clk 00:51:22]} {[%emt 00:05:59]} Rxa6 {[%clk
00:42:21]} {[%emt 00:00:10]} 15. Rac1 {[%clk 00:46:35]} {[%emt 00:05:17]} Bxg3
{[%clk 00:40:52]} {[%emt 00:02:00]} 16. hxg3 {[%clk 00:46:57]} {[%emt
00:00:07]} Rc8 {[%clk 00:39:40]} {[%emt 00:01:42]} 17. Qd3 {[%clk 00:42:44]}
{[%emt 00:04:43]} Qb7 {[%clk 00:37:34]} {[%emt 00:02:36]} 18. b4 {[%clk
00:37:07]} {[%emt 00:06:07]} c5 {[%clk 00:35:01]} {[%emt 00:03:04]} 19. bxc5
{[%clk 00:37:23]} {[%emt 00:00:14]} bxc5 {[%clk 00:34:42]} {[%emt 00:00:48]}
20. dxc5 {[%clk 00:34:37]} {[%emt 00:03:16]} Rxc5 {[%clk 00:32:21]} {[%emt
00:02:51]} 21. Rb1 {[%clk 00:32:12]} {[%emt 00:02:56]} Qc6 {[%clk 00:31:28]}
{[%emt 00:01:23]} 22. Rb3 {[%clk 00:29:49]} {[%emt 00:02:52]} Rb6 {[%clk
00:23:38]} {[%emt 00:08:20]} 23. Ra3 {[%clk 00:22:00]} {[%emt 00:08:19]} Rb4
{[%clk 00:21:08]} {[%emt 00:03:00]} 24. Nd4 {[%clk 00:20:42]} {[%emt 00:01:48]}
Qc8 {[%clk 00:14:56]} {[%emt 00:06:43]} 25. Qd2 {[%clk 00:17:19]} {[%emt
00:03:52]} Qb7 {[%clk 00:09:36]} {[%emt 00:05:50]} 26. Nb3 {[%clk 00:15:28]}
{[%emt 00:02:21]} Rc8 {[%emt 00:00:01]} 27. Rc1 {[%clk 00:11:31]} {[%emt
00:04:26]} Ra8 {[%clk 00:08:50]} {[%emt 00:01:46]} 28. Rxa8 {[%clk 00:10:11]}
{[%emt 00:01:50]} Qxa8 {[%clk 00:09:19]} {[%emt 00:00:01]} 29. Rc2 {[%clk
00:07:50]} {[%emt 00:02:51]} Ne5 {[%clk 00:06:55]} {[%emt 00:02:54]} 30. Ne2
{[%clk 00:06:56]} {[%emt 00:01:23]} Rc4 {[%clk 00:06:36]} {[%emt 00:00:49]} 31.
Rxc4 {[%clk 00:07:15]} {[%emt 00:00:11]} Nxc4 {[%clk 00:07:03]} {[%emt
00:00:03]} 32. Qc2 {[%clk 00:06:27]} {[%emt 00:01:18]} Ne4 {[%emt 00:00:02]}
33. Nec1 {[%clk 00:06:14]} {[%emt 00:00:42]} Qa4 {[%clk 00:05:51]} {[%emt
00:02:11]} 34. Nd4 {[%clk 00:06:00]} {[%emt 00:00:44]} Qa5 {[%clk 00:04:37]}
{[%emt 00:01:44]} 35. Qe2 {[%clk 00:04:15]} {[%emt 00:02:15]} Qa3 {[%clk
00:03:08]} {[%emt 00:02:00]} 36. Ncb3 {[%clk 00:04:17]} {[%emt 00:00:28]} Nc5
{[%clk 00:03:02]} {[%emt 00:00:37]} 37. Nxc5 {[%clk 00:04:24]} {[%emt
00:00:22]} Qxc5 {[%clk 00:03:31]} 38. Qc2 {[%clk 00:04:04]} {[%emt 00:00:50]}
Qa3 {[%clk 00:02:44]} {[%emt 00:01:17]} 39. e4 {[%clk 00:01:44]} {[%emt
00:02:50]} Qa7 {[%clk 00:00:57]} {[%emt 00:02:17]} 40. Nc6 {[%clk 00:01:33]}
{[%emt 00:00:40]} Qc5 {[%clk 00:01:09]} {[%emt 00:00:19]} 41. exd5 {[%clk
00:01:36]} {[%emt 00:00:27]} exd5 {[%emt 00:00:17]} 42. Ne5 {[%clk 00:00:59]}
{[%emt 00:01:06]} Qb4 {[%clk 00:28:42]} {[%emt 00:03:11]} 43. Nd3 {[%clk
00:29:26]} {[%emt 00:02:03]} Qa3 {[%clk 00:27:15]} {[%emt 00:01:56]} 1/2-1/2

[Event "DVM U20w 2022"]
[Site "Münster GER"]
[Date "2022.12.29"]
[Round "5"]
[White "Wolterink, Jule"]
[Black "Berghold, Lotta"]
[Result "0-1"]
[Termination "normal"]
[Board "5.1"]
[WhiteElo "1424"]
[BlackElo "1589"]
[WhiteClock "00:05:15"]
[BlackClock "00:04:33"]
[WhiteTeam "SK Lehrte von 1919 e. V."]
[BlackTeam "SC Borussia Lichtenberg"]
[PlyCount "64"]
[WhiteFideId "12981206"]
[BlackFideId "16243463"]
[EventCountry "GER"]
[EventRounds "7"]
[EventType "team-swiss"]
[EventDate "2022.12.26"]

1. d4 {[%clk 01:30:57]} {[%emt 00:00:02]} Nf6 {[%clk 01:30:37]} {[%emt
00:00:23]} 2. Bf4 {[%clk 01:31:16]} {[%emt 00:00:11]} g6 {[%clk 01:30:59]}
{[%emt 00:00:08]} 3. e3 {[%clk 01:31:39]} {[%emt 00:00:07]} Bg7 {[%clk
01:31:26]} {[%emt 00:00:03]} 4. Nf3 {[%clk 01:31:59]} {[%emt 00:00:10]} O-O
{[%clk 01:31:46]} {[%emt 00:00:09]} 5. Be2 {[%clk 01:32:21]} {[%emt 00:00:09]}
d6 {[%clk 01:32:09]} {[%emt 00:00:09]} 6. h3 {[%clk 01:32:46]} {[%emt
00:00:03]} Nc6 {[%clk 01:31:17]} {[%emt 00:01:23]} 7. O-O {[%clk 01:32:59]}
{[%emt 00:00:16]} Nd7 {[%clk 01:30:20]} {[%emt 00:01:27]} 8. c4 {[%clk
01:29:56]} {[%emt 00:03:33]} e5 {[%clk 01:28:33]} {[%emt 00:02:16]} 9. dxe5
{[%clk 01:28:02]} {[%emt 00:02:25]} dxe5 {[%clk 01:16:59]} {[%emt 00:12:03]}
10. Bh2 {[%clk 01:26:13]} {[%emt 00:02:19]} e4 {[%clk 01:07:39]} {[%emt
00:09:50]} 11. Nd4 {[%clk 01:19:33]} {[%emt 00:07:10]} Nxd4 {[%clk 00:54:53]}
{[%emt 00:13:16]} 12. exd4 {[%clk 01:19:08]} {[%emt 00:00:55]} c5 {[%clk
00:50:16]} {[%emt 00:05:07]} 13. Nc3 {[%clk 00:51:34]} {[%emt 00:28:04]} cxd4
{[%clk 00:44:54]} {[%emt 00:05:52]} 14. Nxe4 {[%clk 00:48:12]} {[%emt
00:03:52]} Ne5 {[%clk 00:32:31]} {[%emt 00:12:52]} 15. Bxe5 {[%clk 00:34:45]}
{[%emt 00:13:57]} Bxe5 {[%clk 00:30:02]} {[%emt 00:02:59]} 16. Bd3 {[%clk
00:31:07]} {[%emt 00:04:08]} f5 {[%clk 00:21:15]} {[%emt 00:09:17]} 17. Nc5
{[%clk 00:29:21]} {[%emt 00:02:17]} Qc7 {[%clk 00:18:58]} {[%emt 00:02:47]} 18.
Nb3 {[%clk 00:27:46]} {[%emt 00:02:04]} Be6 {[%clk 00:18:35]} {[%emt 00:00:53]}
19. Re1 {[%clk 00:24:29]} {[%emt 00:03:48]} Rae8 {[%clk 00:17:43]} {[%emt
00:01:21]} 20. Rc1 {[%clk 00:23:44]} {[%emt 00:01:15]} Bf7 {[%clk 00:14:33]}
{[%emt 00:03:40]} 21. c5 {[%clk 00:22:19]} {[%emt 00:01:54]} Rd8 {[%clk
00:13:08]} {[%emt 00:01:56]} 22. Bc4 {[%clk 00:21:07]} {[%emt 00:01:42]} Bxc4
{[%clk 00:12:28]} {[%emt 00:01:09]} 23. Rxc4 {[%clk 00:21:33]} {[%emt
00:00:05]} Qf7 {[%clk 00:10:13]} {[%emt 00:02:45]} 24. Qd3 {[%clk 00:19:05]}
{[%emt 00:02:58]} Qd5 {[%clk 00:09:27]} {[%emt 00:01:15]} 25. Rd1 {[%clk
00:16:44]} {[%emt 00:02:52]} Rc8 {[%clk 00:07:34]} {[%emt 00:02:22]} 26. Nxd4
{[%clk 00:13:13]} {[%emt 00:04:02]} Rfd8 {[%clk 00:06:26]} {[%emt 00:01:38]}
27. b3 {[%clk 00:13:36]} {[%emt 00:00:07]} Rxc5 {[%clk 00:05:13]} {[%emt
00:01:43]} 28. Ra4 {[%clk 00:09:49]} {[%emt 00:04:17]} b5 {[%clk 00:04:35]}
{[%emt 00:01:08]} 29. Rb4 {[%clk 00:09:05]} {[%emt 00:01:14]} a5 {[%clk
00:04:17]} {[%emt 00:00:47]} 30. Ne6 {[%clk 00:04:34]} {[%emt 00:05:01]} Qxd3
{[%clk 00:03:41]} {[%emt 00:01:06]} 31. Rxd3 {[%clk 00:04:52]} {[%emt
00:00:13]} Rxd3 {[%clk 00:04:09]} 32. Nxc5 {[%clk 00:05:15]} {[%emt 00:00:08]}
Rd1# {[%clk 00:04:33]} {[%emt 00:00:06]} 0-1

[Event "DVM U20w 2022"]
[Site "Münster GER"]
[Date "2022.12.29"]
[Round "5"]
[White "Hafermann, Lara"]
[Black "Strübel, Katharina"]
[Result "1-0"]
[Termination "normal"]
[Board "5.2"]
[WhiteElo "1414"]
[BlackElo "1325"]
[WhiteClock "00:41:42"]
[BlackClock "00:23:01"]
[WhiteTeam "SC Borussia Lichtenberg"]
[BlackTeam "SK Lehrte von 1919 e. V."]
[PlyCount "91"]
[WhiteFideId "16298306"]
[BlackFideId "16284879"]
[EventCountry "GER"]
[EventRounds "7"]
[EventType "team-swiss"]
[EventDate "2022.12.26"]

1. c4 {[%clk 01:30:56]} {[%emt 00:00:03]} Nf6 {[%clk 01:30:36]} {[%emt
00:00:24]} 2. g3 {[%clk 01:30:46]} {[%emt 00:00:41]} e6 {[%clk 01:30:33]}
{[%emt 00:00:32]} 3. Bg2 {[%clk 01:31:03]} {[%emt 00:00:14]} d5 {[%clk
01:30:28]} {[%emt 00:00:34]} 4. cxd5 {[%clk 01:30:11]} {[%emt 00:01:23]} exd5
{[%clk 01:30:30]} {[%emt 00:00:28]} 5. d4 {[%clk 01:30:11]} {[%emt 00:00:30]}
c5 {[%clk 01:29:53]} 6. Bg5 {[%clk 01:30:11]} Be6 {[%clk 01:29:53]} 7. Nc3
{[%clk 01:30:11]} cxd4 {[%clk 01:29:53]} 8. Qxd4 {[%clk 01:30:11]} Nc6 {[%clk
01:29:53]} 9. Qd2 {[%clk 01:30:11]} Bb4 {[%clk 01:29:53]} 10. a3 {[%clk
01:30:11]} Ba5 {[%clk 01:02:35]} {[%emt 00:53:20]} 11. b4 {[%clk 01:06:26]}
{[%emt 00:04:20]} Nxb4 {[%clk 00:59:37]} {[%emt 00:03:28]} 12. axb4 {[%clk
01:04:40]} {[%emt 00:02:15]} Bxb4 {[%clk 00:59:35]} {[%emt 00:00:32]} 13. Qd4
{[%clk 01:01:21]} {[%emt 00:03:50]} a5 {[%clk 00:56:51]} {[%emt 00:03:14]} 14.
Bd2 {[%clk 00:54:13]} {[%emt 00:07:38]} O-O {[%clk 00:45:05]} {[%emt 00:12:15]}
15. e3 {[%clk 00:53:10]} {[%emt 00:01:34]} Rc8 {[%clk 00:43:58]} {[%emt
00:01:35]} 16. Nge2 {[%clk 00:53:10]} {[%emt 00:00:31]} Qd6 {[%clk 00:34:57]}
{[%emt 00:09:32]} 17. Nb5 {[%clk 00:48:59]} {[%emt 00:04:42]} Bxd2 {[%clk
00:33:15]} {[%emt 00:02:11]} 18. Qxd2 {[%clk 00:48:29]} {[%emt 00:01:01]} Qb4
{[%clk 00:30:30]} {[%emt 00:03:11]} 19. Qxb4 {[%clk 00:48:42]} {[%emt
00:00:20]} axb4 {[%clk 00:30:50]} {[%emt 00:00:10]} 20. O-O {[%clk 00:47:46]}
{[%emt 00:01:27]} Ne4 {[%clk 00:28:42]} {[%emt 00:02:38]} 21. Bxe4 {[%clk
00:47:43]} {[%emt 00:00:33]} dxe4 {[%clk 00:29:02]} {[%emt 00:00:10]} 22. Ned4
{[%clk 00:46:59]} {[%emt 00:01:14]} Bc4 {[%clk 00:28:29]} {[%emt 00:01:02]} 23.
Rfc1 {[%clk 00:44:24]} {[%emt 00:03:06]} Bd3 {[%clk 00:25:28]} {[%emt
00:03:31]} 24. Nd6 {[%clk 00:43:05]} {[%emt 00:01:49]} Rxc1 {[%clk 00:25:02]}
{[%emt 00:00:55]} 25. Rxc1 {[%clk 00:43:31]} {[%emt 00:00:05]} g6 {[%clk
00:25:17]} {[%emt 00:00:15]} 26. Nxb7 {[%clk 00:42:52]} {[%emt 00:01:08]} Rb8
{[%clk 00:24:25]} {[%emt 00:01:21]} 27. Nc5 {[%clk 00:42:19]} {[%emt 00:01:03]}
Kg7 {[%clk 00:23:51]} {[%emt 00:01:05]} 28. Nxd3 {[%clk 00:41:21]} {[%emt
00:01:28]} exd3 {[%clk 00:23:59]} {[%emt 00:00:23]} 29. Nb3 {[%clk 00:41:43]}
{[%emt 00:00:07]} Kf6 {[%clk 00:23:24]} {[%emt 00:01:04]} 30. Rd1 {[%clk
00:41:58]} {[%emt 00:00:17]} Rd8 {[%clk 00:23:31]} {[%emt 00:00:21]} 31. Nd4
{[%clk 00:42:14]} {[%emt 00:00:14]} Ke5 {[%clk 00:23:35]} {[%emt 00:00:26]} 32.
Nc6 {[%clk 00:42:38]} {[%emt 00:00:07]} Ke4 {[%clk 00:23:50]} {[%emt 00:00:15]}
33. Nxd8 {[%clk 00:42:36]} {[%emt 00:00:33]} b3 {[%clk 00:24:05]} {[%emt
00:00:15]} 34. Kf1 {[%clk 00:41:12]} {[%emt 00:01:53]} b2 {[%clk 00:23:41]}
{[%emt 00:00:53]} 35. Nxf7 {[%clk 00:41:01]} {[%emt 00:00:41]} h5 {[%clk
00:22:51]} {[%emt 00:01:22]} 36. Ng5 {[%clk 00:40:23]} {[%emt 00:01:07]} Kf5
{[%clk 00:22:35]} {[%emt 00:00:45]} 37. Nf3 {[%clk 00:40:27]} {[%emt 00:00:27]}
g5 {[%clk 00:22:21]} {[%emt 00:00:43]} 38. Nd2 {[%clk 00:40:46]} {[%emt
00:00:12]} Kg4 {[%clk 00:22:19]} {[%emt 00:00:32]} 39. Rb1 {[%clk 00:40:50]}
{[%emt 00:00:26]} Kh3 {[%clk 00:22:25]} {[%emt 00:00:24]} 40. Nf3 {[%clk
00:40:23]} {[%emt 00:00:57]} g4 {[%clk 00:22:23]} {[%emt 00:00:32]} 41. Nh4
{[%clk 00:40:25]} {[%emt 00:00:27]} Kxh2 {[%clk 00:22:14]} {[%emt 00:00:40]}
42. Rxb2 {[%clk 00:40:49]} {[%emt 00:00:06]} d2 {[%clk 00:22:20]} {[%emt
00:00:23]} 43. Rxd2 {[%clk 00:41:05]} {[%emt 00:00:15]} Kh3 {[%clk 00:22:30]}
{[%emt 00:00:20]} 44. Ke2 {[%clk 00:41:16]} {[%emt 00:00:19]} Kh2 {[%clk
00:22:41]} {[%emt 00:00:18]} 45. Rd1 {[%clk 00:41:42]} {[%emt 00:00:04]} Kh3
{[%clk 00:23:01]} {[%emt 00:00:11]} 46. Rh1 {[%emt 00:00:03]} 1-0

[Event "DVM U20w 2022"]
[Site "Münster GER"]
[Date "2022.12.29"]
[Round "5"]
[White "Stelter, Finja"]
[Black "Kessen, Fanny"]
[Result "0-1"]
[Termination "normal"]
[Board "5.3"]
[WhiteElo "1312"]
[BlackElo "1369"]
[WhiteClock "00:51:36"]
[BlackClock "00:53:09"]
[WhiteTeam "SK Lehrte von 1919 e. V."]
[BlackTeam "SC Borussia Lichtenberg"]
[PlyCount "88"]
[WhiteFideId "16298624"]
[BlackFideId "16217357"]
[EventCountry "GER"]
[EventRounds "7"]
[EventType "team-swiss"]
[EventDate "2022.12.26"]

1. e4 {[%clk 01:30:58]} e5 {[%clk 01:30:54]} 2. Nf3 {[%clk 01:30:58]} Nc6
{[%clk 01:30:54]} 3. d4 {[%clk 01:30:58]} exd4 {[%clk 01:30:54]} 4. Nxd4 {[%clk
01:30:58]} Nf6 {[%clk 01:30:54]} 5. Nc3 {[%clk 01:30:58]} Bb4 {[%clk 01:30:54]}
6. Nxc6 {[%clk 01:30:58]} bxc6 {[%clk 01:30:54]} 7. Bg5 {[%clk 01:30:58]} Qe7
{[%clk 01:23:19]} {[%emt 00:14:04]} 8. f3 {[%clk 01:28:57]} Qe5 {[%clk
01:23:19]} 9. Bd2 {[%clk 01:28:57]} Qd4 {[%clk 01:23:19]} 10. a3 {[%clk
01:28:57]} Bc5 {[%clk 01:23:19]} 11. Qe2 {[%clk 01:28:57]} Rb8 {[%clk
01:23:19]} 12. Be3 {[%clk 01:28:57]} Qxe3 {[%clk 01:23:19]} 13. Qxe3 {[%clk
01:28:57]} Bxe3 {[%clk 01:23:19]} 14. Ke2 {[%clk 01:28:57]} Bd4 {[%clk
01:23:19]} 15. Kd3 {[%clk 01:28:57]} Bxc3 {[%clk 01:23:19]} 16. Kxc3 {[%clk
01:28:57]} O-O {[%clk 01:23:19]} 17. g4 {[%clk 01:28:57]} d6 {[%clk 01:23:19]}
18. h4 {[%clk 01:28:57]} Nd7 {[%clk 01:23:19]} 19. h5 {[%clk 01:28:57]} Ne5
{[%clk 01:23:19]} 20. Be2 {[%clk 01:28:57]} Rb6 {[%clk 01:23:19]} 21. Rag1
{[%clk 01:28:57]} Ba6 {[%clk 01:23:19]} 22. Bxa6 {[%clk 01:28:57]} Rxa6 {[%clk
01:23:19]} 23. f4 {[%clk 01:28:57]} Nd7 {[%clk 01:23:19]} 24. g5 {[%clk
01:28:57]} Ra4 {[%clk 00:54:51]} {[%emt 01:14:09]} 25. f5 {[%clk 00:54:11]}
Rxe4 {[%clk 00:53:49]} {[%emt 00:09:47]} 26. f6 {[%clk 00:51:53]} g6 {[%clk
00:53:09]} {[%emt 00:03:58]} 27. hxg6 {[%clk 00:51:36]} fxg6 {[%clk 00:53:09]}
28. Re1 {[%clk 00:51:36]} Rfe8 {[%clk 00:53:09]} 29. Ref1 {[%clk 00:51:36]} Ne5
{[%clk 00:53:09]} 30. Rf2 {[%clk 00:51:36]} Rg4 {[%clk 00:53:09]} 31. Rfh2
{[%clk 00:51:36]} h5 {[%clk 00:53:09]} 32. gxh6 {[%clk 00:51:36]} Kh7 {[%clk
00:53:09]} 33. Rf2 {[%clk 00:51:36]} Rf8 {[%clk 00:53:09]} 34. b3 {[%clk
00:51:36]} Rg5 {[%clk 00:53:09]} 35. Rf4 {[%clk 00:51:36]} Rh5 {[%clk
00:53:09]} 36. Rxh5 {[%clk 00:51:36]} gxh5 {[%clk 00:53:09]} 37. Ra4 {[%clk
00:51:36]} Ra8 {[%clk 00:53:09]} 38. Rb4 {[%clk 00:51:36]} Kxh6 {[%clk
00:53:09]} 39. Rb7 {[%clk 00:51:36]} h4 {[%clk 00:53:09]} 40. Rxc7 {[%clk
00:51:36]} h3 {[%clk 00:53:09]} 41. Re7 {[%clk 00:51:36]} h2 {[%clk 00:53:09]}
42. f7 {[%clk 00:51:36]} Rf8 {[%clk 00:53:09]} 43. Re8 {[%clk 00:51:36]} Rxf7
{[%clk 00:53:09]} 44. Rh8 {[%clk 00:51:36]} Kg7 {[%clk 00:53:09]} 0-1